<?xml version="1.0" encoding="UTF-8"?>
<record
    xmlns:xsi="http://www.w3.org/2001/XMLSchema-instance"
    xsi:schemaLocation="http://www.loc.gov/MARC21/slim http://www.loc.gov/standards/marcxml/schema/MARC21slim.xsd"
    xmlns="http://www.loc.gov/MARC21/slim">

  <leader>00401nam a2200145Ia 4500</leader>
  <controlfield tag="008">230411s9999    xx            000 0 und d</controlfield>
  <datafield tag="020" ind1=" " ind2=" ">
    <subfield code="a">978-81-8191-390-6</subfield>
  </datafield>
  <datafield tag="041" ind1=" " ind2=" ">
    <subfield code="a">eng</subfield>
  </datafield>
  <datafield tag="082" ind1=" " ind2=" ">
    <subfield code="a">MS/610.7361/BAN/B08355</subfield>
  </datafield>
  <datafield tag="100" ind1=" " ind2=" ">
    <subfield code="a">Banerjee Soumitra</subfield>
    <subfield code="9">179904</subfield>
  </datafield>
  <datafield tag="245" ind1=" " ind2=" ">
    <subfield code="a">Practical Guide to Hemodialysis</subfield>
  </datafield>
  <datafield tag="260" ind1=" " ind2=" ">
    <subfield code="b">Paras Medical Publisher</subfield>
    <subfield code="a">Hyderabad</subfield>
    <subfield code="c">2013</subfield>
  </datafield>
  <datafield tag="300" ind1=" " ind2=" ">
    <subfield code="a">82p</subfield>
  </datafield>
  <datafield tag="999" ind1=" " ind2=" ">
    <subfield code="c">158102</subfield>
    <subfield code="d">158102</subfield>
  </datafield>
  <datafield tag="952" ind1=" " ind2=" ">
    <subfield code="0">0</subfield>
    <subfield code="1">0</subfield>
    <subfield code="4">0</subfield>
    <subfield code="7">3</subfield>
    <subfield code="8">MS</subfield>
    <subfield code="a">BTIN</subfield>
    <subfield code="b">BTIN</subfield>
    <subfield code="d">2016-06-13</subfield>
    <subfield code="e">S.K.Kothari,Pune.</subfield>
    <subfield code="g">125.00</subfield>
    <subfield code="i">60</subfield>
    <subfield code="o">MS 610.7361 BAN B08355</subfield>
    <subfield code="p">BTIN-BK-8355</subfield>
    <subfield code="r">2023-04-11 00:00:00</subfield>
    <subfield code="v">87.50</subfield>
    <subfield code="w">2016-06-13</subfield>
    <subfield code="y">BK</subfield>
    <subfield code="z">B08355</subfield>
  </datafield>
</record>
